Sports Quiz

Random Sports or College Quiz

NCAA Basketball 2011: Xavier University Quiz Stats

 Plays Quiz Updated Oct 18, 2016

Score 0/25 Timer 05:00
0 Plays Today
Hint Answers % Correct
NicknameMusketeers
82%
ConferenceAtlantic 10
79.1%
ColorsNavy and White
78.2%
CityCincinnati, Ohio
76.2%
Highest NBA Scoring AlumDavid West
59.6%
GuardTu Holloway
55.4%
Basketball ArenaCintas Center
54.4%
CoachChris Mack
44.6%
CenterKenny Frease
41.8%
GuardMark Lyons
40%
2nd Round OpponentMarquette
35.4%
GuardDante Jackson
34.3%
All-time Leading Scorer (2,696 points)Byron Larkin
31.5%
Hint Answers % Correct
GuardBrad Redford
30.3%
ForwardAndrew Taylor
27.2%
ForwardJamel McLean
26.9%
ForwardTravis Taylor
26.5%
ForwardJeff Robinson
25.4%
ForwardJustin Martin
19.1%
Guard/ForwardJay Canty
17.2%
ForwardGriffin McKenzie
16.9%
GuardJohnny Mazza
16.4%
GuardKevin Feeney
15.4%
ForwardJordan Latham
15.4%
ForwardJoe Hughes
15.1%

You're not logged in!

Compare scores with friends on all Sporcle quizzes.
Join for Free
OR
Log In

Show Comments

Extras

Top Quizzes Today


Score Distribution

Your Account Isn't Verified!

In order to create a playlist on Sporcle, you need to verify the email address you used during registration. Go to your Sporcle Settings to finish the process.

Report this User

Report this user for behavior that violates our Community Guidelines.

Details: